Of love and other Sorrows/ (Record no. 105878)

MARC details
000 -LEADER
fixed length control field 00661nam a22002177a 4500
005 - DATE AND TIME OF LATEST TRANSACTION
control field 20170117145429.0
010 ## - LCCN (DPL NO)
LC control number ENG-117079
020 ## - INTERNATIONAL STANDARD BOOK NUMBER
International Standard Book Number 9780670087228
Terms of availability 599.00
035 ## - SYSTEM CONTROL NUMBER
System control number EN-100611
037 ## - SOURCE OF ACQUISITION
Stock number dpl
Source of stock number/acquisition Pragati
037 ## - SOURCE OF ACQUISITION
Source of stock number/acquisition DBAD/PUB
082 ## - DEWEY DECIMAL CLASSIFICATION NUMBER
Classification number 808.883
100 ## - MAIN ENTRY--PERSONAL NAME
Personal name Chopra,Ashok
245 ## - TITLE STATEMENT
Title Of love and other Sorrows/
Statement of responsibility, etc by Ashok Chopra [and] Ravi Vyas
Remainder of title ten modernists /
260 ## - PUBLICATION, DISTRIBUTION, ETC. (IMPRINT)
Place of publication, distribution, etc Gurgaon
Name of publisher, distributor, etc Pengun Viking
Date of publication, distribution, etc 2016
270 ## - ADDRESS
Address 7th Floor,Infinity Tower C,DLF Cyber Citiy
City Gurgaon
Postal code 122002
300 ## - PHYSICAL DESCRIPTION
Extent xi,258p.
Dimensions 22cm(Hb)
500 ## - GENERAL NOTE
General note Includes Notes and index
700 ## - ADDED ENTRY--PERSONAL NAME
Personal name Vyas,Ravi
942 ## - ADDED ENTRY ELEMENTS (KOHA)
Source of classification or shelving scheme Dewey Decimal Classification
Item type English Books
Classification part 808.883
Call number suffix CHO
Holdings
Withdrawn status Lost status Not for loan Collection code Home library Current library Date acquired Source of acquisition Cost, normal purchase price Full call number Barcode Copy number Cost, replacement price Koha item type
      Non-fiction Shahdara Branch Shahdara Branch 17/01/2017 DBAD/PUB 599.00 808.883 CHO EN-100611 1 599.00 English Books

© Delhi Public Library
Hit Counter
free hit counter